Japanese Vocabulary: Food and Drinks - Statistics

General Stats
  • This quiz has been taken 83 times
  • The average score is 49 of 151
Answer Stats
English Kanji/Kana Answer % Correct
apple りんご ringo
83%
bread パン pan
80%
banana バナナ banana
78%
vinegar su
78%
candy お菓子 okashi
75%
sushi 寿司 sushi
73%
meal / cooked rice ご飯 gohan
68%
meat niku
68%
beer ビール bīru
65%
water mizu
65%
tea お茶 ocha
65%
cake ケーキ kēki
63%
ramen ラーメン rāmen
63%
egg tamago
63%
gyoza 餃子 gyōza
60%
curry カレー karē
60%
natto 納豆 nattō
60%
sake お酒 osake
60%
coffee コーヒー kōhī
58%
mango マンゴー mangō
58%
pizza ピザ piza
58%
food 食べ物 tabemono
58%
juice ジュース jūsu
55%
melon メロン meron
55%
cheese チーズ chīzu
53%
strawberry ichigo
53%
drink 飲み物 nomimono
53%
orange オレンジ orenji
53%
soda ソーダ sōda
53%
avocado アボカド abokado
50%
milk (cow's) 牛乳 gyūnyū
50%
lemon レモン remon
50%
tomato トマト tomato
50%
butter バター batā
48%
ham ハム hamu
48%
fruit 果物 kudamono
48%
ice cream アイスクリーム aisukurīmu
45%
bacon ベーコン bēkon
45%
coca-cola コカ・コーラ koka-kōra
45%
pork 豚肉 butaniku
43%
beef 牛肉 gyūniku
43%
pancake パンケーキ pankēki
43%
pasta パスタ pasuta
43%
chicken 鶏肉 toriniku
43%
vanilla バニラ banira
40%
hamburger ハンバーガー hanbāgā
40%
black tea 紅茶 kōcha
40%
cookie クッキー kukkī
40%
mint ミント minto
40%
milk ミルク miruku
40%
sugar 砂糖 satō
40%
soup スープ sūpu
40%
steak ステーキ sutēki
40%
vegetable 野菜 yasai
40%
rice kome
38%
carrot 人参 ninjin
38%
bento お弁当 obentō
38%
salad サラダ sarada
38%
salt shio
38%
sauce ソース sōsu
38%
chocolate チョコレート chokorēto
35%
jam ジャム jamu
35%
lime ライム raimu
35%
soy sauce 醬油 shōyu
35%
grape ぶどう budō
33%
bean mame
33%
peach momo
33%
olive オリーブ orību
33%
lemonade レモネード remonēdo
33%
lollipop ロリポップ roripoppu
33%
sandwich サンドイッチ sandoicchi
33%
toast トースト tōsuto
33%
alcohol アルコール arukōru
30%
barbecue バーベキュー bābekyū
30%
dessert デザート dezāto
30%
donut ドーナツ dōnatsu
30%
cupcake カップケーキ kappukēki
30%
kiwi キウイ kiui
30%
cocoa ココア kokoa
30%
onion 玉ねぎ tamanegi
30%
wine ワイン wain
30%
pudding プリン purin
28%
cinnamon シナモン shinamon
28%
sausage ソーセージ sōsēji
28%
watermelon 西瓜 suika
28%
broccoli ブロッコリー burokkorī
25%
radish 大根 daikon
25%
mushroom キノコ kinoko
25%
pear nashi
25%
popcorn ポップコーン poppukōn
25%
waffle ワッフル waffuru
25%
blackberry ブラックベリー burakkuberī
23%
blueberry ブルーベリー burūberī
23%
honey 蜂蜜 hachimitsu
23%
potato じゃが芋 jagaimo
23%
coconut ココナッツ kokonattsu
23%
green onion ねぎ negi
23%
peanut ピーナッツ pīnattsu
23%
lettuce レタス retasu
23%
chewing gum ガム gamu
20%
hot dog ホットドッグ hottodoggu
20%
ketchup ケチャップ kechappu
20%
caramel キャラメル kyarameru
20%
cucumber キュウリ kyūri
20%
pineapple パイナップル painappuru
20%
cherry さくらんぼう sakuranbō
20%
yogurt ヨーグルト yōguruto
20%
oil abura
18%
matcha 抹茶 maccha
18%
peanut butter ピーナッツバター pīnattsubatā
18%
plum ume
18%
pumpkin かぼちゃ kabocha
15%
pepper 胡椒 koshō
15%
mandarin orange みかん mikan
15%
eggplant 茄子 nasu
15%
nuts ナッツ nattsu
15%
garlic 大蒜 ninniku
15%
smoothie スムージー sumūjī
15%
bubble tea タピオカティー tapiokatī
15%
whiskey ウイスキー uisukī
15%
zucchini ズッキーニ zukkīni
15%
almond アーモンド āmondo
13%
durian ドリアン dorian
13%
grapefruit グレープフルーツ gurēpufurūtsu
13%
soy milk 豆乳 tōnyū
13%
chinese cabbage 白菜 hakusai
10%
cocktail カクテル kakuteru
10%
egg yolk 黄身 kimi
10%
cabbage キャベツ kyabetsu
10%
green pepper ピーマン pīman
10%
champagne シャンパン shanpan
10%
shake シェイク sheiku
10%
ginger 生姜 shōga
10%
corn トウモロコシ tōmorokoshi
10%
lamb 羊肉 yōniku
10%
pea えんどう豆 endōmame
8%
spinach ほうれん草 hōrensō
8%
mustard 辛子 karashi
8%
dough 生地 kiji
8%
wheat 小麦 komugi
8%
croissant クロワッサン kurowassan
8%
noodles ヌードル nūdoru
8%
omelette オムレツ omuretsu
8%
celery セロリ serori
8%
vodka ウォッカ uokka
8%
fig 無花果 ichijiku
5%
raspberry 木苺 kiichigo
5%
walnut くるみ kurumi
5%
stew nabe
5%
diary products 乳製品 nyūseihin
5%
papaya パパイヤ papaiya
5%
No matching quizzes found
Score Distribution
Percent of People with Each Score
Percentile by Number Answered
Your Score History
You have not taken this quiz